000 00188 a2200085 4500
020 _a9780500519899
100 _a Ronnie Wood
245 _aRonnie Wood: Artist
260 _bThames & Hudson
_c2017
999 _c13239
_d13239